| 000 | 04309cam a22006255i 4500 | ||
|---|---|---|---|
| 001 | 21680985 | ||
| 003 | NUST | ||
| 005 | 20230412164639.0 | ||
| 006 | m |o d | | ||
| 007 | cr ||||||||||| | ||
| 008 | 180220s2018 gw |||| o |||| 0|eng | ||
| 010 | _a 2019747244 | ||
| 020 | _a9783319757988 | ||
| 024 | 7 |
_a10.1007/978-3-319-75798-8 _2doi |
|
| 035 | _a(DE-He213)978-3-319-75798-8 | ||
| 040 |
_aDLC _beng _epn _erda _cDLC |
||
| 072 | 7 |
_aTEC031010 _2bisacsh |
|
| 072 | 7 |
_aTHV _2thema |
|
| 072 | 7 |
_aTHX _2bicssc |
|
| 082 | 0 | 4 |
_a307.1216 _223 _bSHA |
| 245 | 0 | 0 |
_aResilience-Oriented Urban Planning : _bTheoretical and Empirical Insights / _cedited by Yoshiki Yamagata, Ayyoob Sharifi. |
| 250 | _a1st ed. 2018. | ||
| 264 | 1 |
_aCham : _bSpringer International Publishing : _bImprint: Springer, _c2018. |
|
| 300 | _a1 online resource (X, 228 pages 40 illustrations in color.) | ||
| 336 |
_atext _btxt _2rdacontent |
||
| 337 |
_acomputer _bc _2rdamedia |
||
| 338 |
_aonline resource _bcr _2rdacarrier |
||
| 347 |
_atext file _bPDF _2rda |
||
| 490 | 1 |
_aLecture Notes in Energy, _x2195-1284 ; _v65 |
|
| 505 | 0 | _aSection 1. Introduction, Ayyoob Sharifi and Yoshiki Yamagata -- Section 2. Planning and decision making process -- Section 3. Urban form and typologies -- Section 3. Resilience measurement methodologies -- Section 5. Case studies -- Section 5. Future directions, Yoshiki Yamagata Ayyoob Sharifi. | |
| 520 | _aThis book explores key theoretical and empirical issues related to the development and implementation of planning strategies that can provide guidance on the transition to climate-compatible and low-carbon urban development. It especially focuses on integrating resilience thinking into the urban planning process, and explains how such an integration can contribute to reflecting the dynamic properties of cities and coping with the uncertainties inherent in future climate change projections. Some of the main questions addressed are: What are the innovative methods and processes needed to incorporate resilience thinking into urban planning? What are the characteristics of a resilient urban form and what are the challenges associated with integrating them into urban development? Also, how can the resilience of cities be measured and what are the main constituents of an urban resilience assessment framework? In addition to addressing these crucial questions, the book features several case studies from around the world, investigating methodologies, challenges, and opportunities for mainstreaming climate resilience in the theory and practice of urban planning. Featuring contributions by prominent researchers from around the world, the book offers a valuable resource for students, academics and practitioners alike. | ||
| 588 | _aDescription based on publisher-supplied MARC data. | ||
| 650 | 0 |
_aClimate change. _95677 |
|
| 650 | 0 |
_aDecision making. _91911 |
|
| 650 | 0 |
_aEnergy and state. _9111808 |
|
| 650 | 0 |
_aEnergy policy. _979577 |
|
| 650 | 0 | _aOperations research. | |
| 650 | 0 | _aRegional planning. | |
| 650 | 0 | _aRenewable energy sources. | |
| 650 | 0 |
_aUrban planning. _9111809 |
|
| 650 | 1 | 4 |
_aRenewable and Green Energy. _0https://scigraph.springernature.com/ontologies/product-market-codes/111000 _9111810 |
| 650 | 2 | 4 |
_aClimate Change/Climate Change Impacts. _0https://scigraph.springernature.com/ontologies/product-market-codes/313000 _9111811 |
| 650 | 2 | 4 |
_aEnergy Policy, Economics and Management. _0https://scigraph.springernature.com/ontologies/product-market-codes/112000 _9111812 |
| 650 | 2 | 4 |
_aLandscape/Regional and Urban Planning. _0https://scigraph.springernature.com/ontologies/product-market-codes/J15000 _9111813 |
| 650 | 2 | 4 |
_aOperations Research/Decision Theory. _0https://scigraph.springernature.com/ontologies/product-market-codes/521000 _9111814 |
| 700 | 1 |
_aSharifi, Ayyoob. _eeditor. _9111815 |
|
| 700 | 1 |
_aYamagata, Yoshiki. _eeditor. _9111816 |
|
| 776 | 0 | 8 |
_iPrint version: _tResilience-oriented urban planning. _z9783319757971 _w(DLC) 2018932185 |
| 776 | 0 | 8 |
_iPrinted edition: _z9783319757971 |
| 776 | 0 | 8 |
_iPrinted edition: _z9783319757995 |
| 776 | 0 | 8 |
_iPrinted edition: _z9783319892887 |
| 830 | 0 |
_aLecture Notes in Energy, _x2195-1284 ; _v65 _9111817 |
|
| 906 |
_a0 _bibc _corigres _du _encip _f20 _gy-gencatlg |
||
| 942 |
_2ddc _cBK |
||
| 999 |
_c594470 _d594470 |
||